00865nam a22001577a 4500008004100000020001500041050001600056100002800072245007700100260003100177300002800208500002000236505041100256650002000667700002000687120417t xxu||||| |||| 00| 0 eng d a0262022834 aHB172.5.B57 aBlanchard, Jean Olivier aLectures on macroeconomics/c Jean Olivier Blanchard and Stanley Fischer aLondon:bMIT Press,c1989. axi, 637 p.:bill;c24cm aIncludes Index. aCoontents: Introduction -- Consumption and investment: Basic infinite horizon -- The Overlapping generations model -- Money -- Multiple equilibria, bubbles and stability -- Optimal consumption, investment, and inventory -- Competitive equilibrium business cycles -- Norminal rigidities and economic fluctuations -- Goods, labor and credit markets -- Some useful models -- Monetary and fiscal policy issues. aMacroeconomics. aFischer Stanley